00598 2200229 4500001002100000005001700021008004100038035002400079082001100103090001900114245003500133250001000168260005800178300002400236500002900260650001500289850001500304980001300319985000600332999001500338999001500353YOGYA-0209000004776520090227031709.0 ind  0010-020900000047765 a746.44 a746.44bRaglT aRAGAM hias songket Minangkabau aCet.1 aSumatera BaratbProyek Pengembangan Permuseumanc1982 a32 hlmbilusc20 cm aBibliografi : hlm. 27-32 aTenun ikat aYOPDYOG(M) a25-10-07 a2 aa000059123 aa000059125